Dactylographie l'Albatros (Charles Baudelaire) - Statistiques

Statistiques générales
  • Ce quiz a été pris 214 fois
  • Le résultat moyen est 14 sur 17
Statistiques - réponses
Texte L'Albatros % Correct
Souvent, pour s’amuser, les hommes d’équipage Souvent, pour s’amuser, les hommes d’équipage
99%
Qui suivent, indolents compagnons de voyage, Qui suivent, indolents compagnons de voyage,
97%
A peine les ont-ils déposés sur les planches, A peine les ont-ils déposés sur les planches,
96%
Le navire glissant sur les gouffres amers. Le navire glissant sur les gouffres amers.
96%
Prennent des albatros, vastes oiseaux des mers, Prennent des albatros, vastes oiseaux des mers,
96%
Que ces rois de l’azur, maladroits et honteux, Que ces rois de l’azur, maladroits et honteux,
95%
Comme des avirons traîner à côté d’eux. Comme des avirons traîner à côté d’eux.
90%
Laissent piteusement leurs grandes ailes blanches Laissent piteusement leurs grandes ailes blanches
90%
Lui, naguère si beau, qu’il est comique et laid ! Lui, naguère si beau, qu’il est comique et laid !
85%
Ce voyageur ailé, comme il est gauche et veule ! Ce voyageur ailé, comme il est gauche et veule !
84%
L’un agace son bec avec un brûle-gueule, L’un agace son bec avec un brûle-gueule,
82%
L’autre mime, en boitant, l’infirme qui volait ! L’autre mime, en boitant, l’infirme qui volait !
76%
Le Poète est semblable au prince des nuées Le Poète est semblable au prince des nuées
69%
Qui hante la tempête et se rit de l’archer ; Qui hante la tempête et se rit de l’archer ;
64%
Exilé sur le sol au milieu des huées, Exilé sur le sol au milieu des huées,
60%
Ses ailes de géant l’empêchent de marcher. Ses ailes de géant l’empêchent de marcher.
50%
Charles Baudelaire Charles Baudelaire
49%
Aucun quiz correspondant
Distribution des résultats
% des personnes avec chaque résultat
Percentile par nombre de réponses
Votre historique - résultats
Vous n’avez pas pris ce quiz